| 000 | 00813nam a2200217 a 4500 | ||
|---|---|---|---|
| 001 | BRCA_8087 | ||
| 005 | 20190320210127.0 | ||
| 008 | 070414s1955----fr-a###f##---#000-0#fre-# | ||
| 041 | _afre | ||
| 044 | _afr | ||
| 050 | 4 |
_aNK7104 _b.EN59 _c1955 |
|
| 245 | 1 | 0 |
_aEnsemble exceptionnel d´orfevrèrie ancienne _bcomposant les collections particulières des grands orfèvres parisiens Puiforcat et provenant principalement de la collection de feu Louis-Victor Puiforcat. |
| 260 |
_aParis _bGalerie Charpentier _c1955 |
||
| 300 |
_a1 v. (paginación variada) _bil. _c28 cm. |
||
| 500 | _aY123 | ||
| 600 | 1 | 4 |
_aPuiforcat, Luois-Victor _vColeccionista _920108 |
| 650 | 1 | 4 |
_aOrfebrería _vCatálogo _zFrancia _920109 |
| 650 | 1 | 4 |
_aOrfebrería _vColeccionistas y colecciones _zFrancia _920110 |
| 902 | _aGFM | ||
| 942 |
_2lcc _cB |
||
| 999 |
_c7755 _d7755 |
||